Actors by Their TV Roles Quiz Stats

Quiz Updated Apr 4, 2014

Also try: TV Shows A-Z
Challenge
Share
Tweet
Embed
Score 0/20 Timer 07:00
0 Plays Today
TV Roles Actor or Actress % Correct
Alexander Scott, Cliff Huxtable, Hilton LucasBill Cosby
94.1%
Lucy Ricardo, Lucy Carmichael, Lucy CarterLucille Ball
87.7%
James T. Kirk, T. J. Hooker, Denny CraneWilliam Shatner
78.7%
Sam Malone, John Becker, D. B. RussellTed Danson
73.7%
Thomas Magnum, Jesse Stone, Frank ReaganTom Selleck
69.4%
Sue Ann Nivens, Ellen Jackson, Rose NylundBetty White
62.2%
Laura Petrie, Mary Richards, Annie McGuireMary Tyler Moore
61.6%
Little Joe Cartwright, Charles Ingalls, Jonathan SmithMichael Landon
60.9%
Rob Petrie, Dick Preston, Mark SloanDick Van Dyke
60.4%
Bob Hartley, Dick Loudon, Bob McKayBob Newhart
56.7%
TV Roles Actor or Actress % Correct
Archie Bunker, Bill Gillespie, Gus StempleCarroll O'Connor
55.1%
Maude Findlay, Amanda Cartwright, Dorothy ZbornakBea Arthur
53.7%
Bret Maverick, Jim Rockford, Jim EganJames Garner
52.6%
Barney Fife, Ralph Furley, Les CalhounDon Knotts
52.5%
Oscar Madison, Quincy, Henry WillowsJack Klugman
44.3%
Heath Barkley, Steve Austin, Colt SeaversLee Majors
43.3%
George Jefferson, Ernest Frye, B. P. RichfieldSherman Hemsley
39.6%
Sammy Jo Carrington, Stacy Sheridan, Amanda WoodwardHeather Locklear
32.8%
Jill Danko, Sabrina Duncan, Amanda KingKate Jackson
29.2%
Jessica Tate, Mona Robinson, Doris ShermanKatherine Helmond
16.8%

You're not logged in!

Compare scores with friends on all Sporcle quizzes.
Sign Up with Email
OR
Log In

You Might Also Like...

Show Comments

Extras

Top Quizzes Today


Score Distribution

Your Account Isn't Verified!

In order to create a playlist on Sporcle, you need to verify the email address you used during registration. Go to your Sporcle Settings to finish the process.